| 000 | 00441nam a2200181Ia 4500 | ||
|---|---|---|---|
| 008 | 210210b1995 xxu||||| |||| 00| 0 eng d | ||
| 020 | _a0 7069 9852 9 | ||
| 082 | _a587 PANT | ||
| 100 | _aPANDEY (S N) and others | ||
| 245 | _aTextbook of Pteridophyta | ||
| 260 |
_aND _bVikas publishing house pvt ltd _c1995 |
||
| 300 | _a251 | ||
| 650 | _aTextbook | ||
| 650 | _aPteridophyta | ||
| 650 | _aof | ||
| 690 | _aBotany | ||
| 906 | _a051653 | ||
| 999 |
_c100157 _d100157 |
||